Youtubers by Picture #1 - Statistics

General Stats
  • This quiz has been taken 15 times
  • The average score is 13 of 16
Answer Stats
Picture Answer % Correct
Enes Batur Sungurtekin
93%
Melih Abuaf
93%
Orkuncan Işıtmak
93%
Taylan Özgüç Danyıldız
93%
Alper Rende
86%
Mertcan Bahar
86%
Mesut Can Tomay
86%
Muhammet Ruhi Çenet
86%
Murat Engin Ekin
86%
Ali Biçim
79%
Barış Özcan
79%
Ali Abdüsselam Yılmaz
71%
Bilal Hancı
71%
Uras Benlioğlu
71%
Atakan Özyurt
50%
Fatih Yasin
50%
No matching quizzes found
Score Distribution
Percent of People with Each Score
Percentile by Number Answered
Your Score History
You have not taken this quiz